[Event "Mexico City Latinoamericano op 1st"]
[Site "Mexico City"]
[Date "2021.11.05"]
[Round "1"]
[White "Mejia Nunez, Haziel"]
[Black "Martinez Hernandez, Alin"]
[Result "0-1"]
[WhiteElo "1613"]
[BlackElo "2051"]
[PlyCount "116"]
[EventDate "2021.11.04"]
[EventType "swiss"]
[EventRounds "9"]
[EventCountry "MEX"]
[SourceTitle "EXT 2023"]
[Source "ChessBase"]
[SourceDate "2022.10.05"]
[SourceVersion "1"]
[SourceVersionDate "2022.10.05"]
[SourceQuality "1"]

1. Nf3 g6 2. g3 Bg7 3. Bg2 c5 4. c4 Nc6 5. Nc3 e6 6. d3 Nge7 7. Be3 Nd4 8. Bxd4 cxd4 9. Nb5 Qb6 10. Qa4 0-0 11. Qa3 Nc6 12. Nd6 Nb4 13. Nxc8 Rfxc8 14. Qb3 Qd6 15. Nd2 Rab8 16. a3 Na6 17. Ne4 Qe7 18. 0-0 f5 19. Nd2 g5 20. Qa2 Nc5 21. b4 Na4 22. Qc2 b5 23. Rac1 Nc3 24. Rfe1 bxc4 25. dxc4 a5 26. e4 fxe4 27. Bxe4 Nxe4 28. Nxe4 axb4 29. axb4 d5 30. Nd2 Rxb4 31. Qd3 dxc4 32. Nxc4 Qb7 33. Nd6 Rxc1 34. Rxc1 Qd5 35. Ne4 Rb3 36. Qc4 Qxc4 37. Rxc4 d3 38. Rc8+ Bf8 39. Rd8 Kf7 40. Nxg5+ Ke7 41. Rd4 Bg7 42. Rf4 d2 43. Rf7+ Ke8 44. Rxg7 d1Q+ 45. Kg2 h6 46. Nh7 Qf3+ 47. Kh3 Rb5 48. Ng5 Qh5+ 49. Kg2 hxg5 50. h4 gxh4 51. g4 h3+ 52. Kh2 Qe5+ 53. Kxh3 Qxg7 54. f3 Rb1 55. Kg3 Qe5+ 56. f4 Rg1+ 57. Kh2 Qe1 58. g5 Qg3# 0-1